000
00232nam a2200085Ia 4500
245
0
_a
Living with panic disorder
100
_a
Strijdom, Vickus Pretoria, 2009
_9
85987
942
_c
BK
008
210817s9999 xx 000 0 und d
999
_c
324593
_d
324592